00601nam a2200181Ia 4500003000500000005001700005008004100022020003500063040001400098082001500112100002400127245006100151260002900212300002300241942003400264999001900298952010200317322820241127134712.0210817s9999 xx ed 000 1 AFR d a9781869047672qHardcover (hbk) aRDAc3228 aLP AF WALK aWalker, Kate952057 0aSy wonderbaba cKate Walker; Vertaal deur: Marthi Koster aParklandsbJACKLINc2002 a184 Pages;c21 cm. cBK2ddcy245zIzakina Blanche c166163d166162 00102ddc4070aMIDDLbJERELd2021-08-18oLP AF WALKp33228016669655r2021-08-18w2021-08-18yBK